|
|
|
|
| LEADER |
00000nab a2200000 a 4500 |
| 001 |
vtls008994809 |
| 003 |
SK-MaSNL |
| 005 |
20260304142156.0 |
| 008 |
250505c2007 xo |||||||||||000 b|slo |
| 015 |
|
|
|a SNBRB2007/05
|2 snkbucl
|
| 035 |
|
|
|a urn:nbn:sk:snk-ab7udx
|
| 035 |
|
|
|a (urnnbn)urn:nbn:sk:snk:ar-003ypk
|
| 035 |
|
|
|a (uuid)20dfae02-03f1-4a75-a773-2d451aa2a869
|
| 038 |
|
|
|a SNKBUCL
|
| 040 |
|
|
|a SNKBUCL
|b slo
|c SNKBUCL
|e AACR2
|
| 041 |
0 |
|
|a slo
|
| 044 |
|
|
|a xo
|c SK
|
| 080 |
|
|
|a 355.691.4:656.082
|x (437.6)
|2 2001
|
| 080 |
|
|
|a 355.11
|2 2001
|
| 100 |
1 |
|
|a Farkašová, Michaela
|4 aut
|9 320176
|
| 245 |
1 |
0 |
|a "Miška, lietadlo sa zrútilo, zavolaj pomoc!"
|c Michaela Farkašová
|
| 300 |
|
|
|b Fotogr.
|
| 600 |
1 |
7 |
|a Farkaš, Martin,
|d 1979-
|2 snkbucl
|9 225729
|
| 610 |
1 |
7 |
|a Slovensko.
|b Ozbrojené sily
|2 snkbucl
|9 88133
|
| 648 |
|
7 |
|a 19.1.2006
|2 snkbucl
|9 1043277
|
| 650 |
0 |
7 |
|a letecké nehody
|2 snkbucl
|9 69420
|
| 650 |
0 |
7 |
|a slovenskí vojaci
|2 snkbucl
|9 486937
|
| 650 |
0 |
7 |
|a spomienky
|2 snkbucl
|9 55795
|
| 651 |
|
7 |
|a Hejce (Maďarsko)
|2 snkbucl
|9 311080
|
| 773 |
0 |
|
|t Obrana
|g Roč. 15, č. 2 (2007), s. 22-23
|x 1336-2910
|
| 850 |
|
|
|a Slovenská národná knižnica
|
| 852 |
|
|
|a Slovenská národná knižnica
|
| 954 |
|
|
|a odborná, vedecká literatúra pôvodná (slovenská)
|2 lita
|
| 958 |
|
|
|a article9
|
| 958 |
|
|
|a OND
|
| 958 |
|
|
|a SK
|
| 958 |
|
|
|a BX
|
| 958 |
|
|
|a EUIPO
|
| 999 |
|
|
|c 2920587
|d 2922517
|